000 00895nam a22003137a 4500
001 BR2020000531
003 BR-BrBNA
005 20230928105543.0
007 ta
008 230509b bl.||||| |||| 00| 0 por d
020 _a978-85-99764-38-1
040 _aBR-BrBNA
_bpor
_cBiblioteca Nacional de Agricultura
041 _a(Por)
072 _aE10; E16; E20
_b9400
090 _ 9400 BR2020000531
100 1 _aLopes, M.A.
100 1 _aPelegrini, D.F.
110 1 _aEmpresa de Pesquisa Agropecuária de Minas Gerais, Belo Horizonte (Brasil)
245 1 _aGerenciamento de custos na atividade leiteira
260 3 _aBelo Horizonte, MG (Brasil):
_c2015.
300 _a28 p.
500 _a6 ref.; 1 illus.; 14 tables
650 _aALIMENTO ANIMAL
650 _aLEITE
650 _aDESPESA
650 _aCUSTO OPERACIONAL
909 _a202309
_bLucia
_c55
_dLucia Elande
942 _cBK
999 _c85624
_d85624